[Event "RUS-chT2"]
[Site "Sochi"]
[Date "2022.05.02"]
[Round "2.1"]
[White "Yumakhuzhin, Vadim"]
[Black "Obgolts, Erik"]
[Result "0-1"]
[WhiteElo "2077"]
[BlackElo "2437"]
[PlyCount "102"]
[EventDate "2022.05.01"]
[EventType "team-swiss"]
[EventRounds "9"]
[EventCountry "RUS"]
[SourceTitle "CBM 208 Extra"]
[Source "ChessBase"]
[SourceDate "2022.07.31"]
[SourceVersion "1"]
[SourceVersionDate "2022.07.31"]
[SourceQuality "1"]
[WhiteTeam "Cheliabinsk Yuzhnyy Ural II"]
[BlackTeam "Novosibirsk Region"]
[WhiteTeamCountry "RUS"]
[BlackTeamCountry "RUS"]

1. e4 c5 2. Nf3 e6 3. d4 cxd4 4. Nxd4 Nf6 5. Nc3 Nc6 6. Nxc6 bxc6 7. e5 Nd5 8. Ne4 Qc7 9. f4 Qb6 10. c4 Bb4+ 11. Ke2 f5 12. Nf2 Ba6 13. Kf3 Ne7 14. Be3 Bc5 15. Bxc5 Qxc5 16. Qd6 Qa5 17. h4 Rd8 18. Be2 Nc8 19. Qd4 0-0 20. Rhd1 d6 21. exd6 Nxd6 22. Qe3 Rfe8 23. c5 Bxe2+ 24. Kxe2 Nc4 25. Rxd8 Nxe3 26. Rxe8+ Kf7 27. Rh8 Nxg2 28. Nd3 Qa4 29. Rf1 Qc2+ 30. Kf3 Qxd3+ 31. Kxg2 Qd5+ 32. Kh3 Qxa2 33. Rb8 Qc4 34. Ra1 Qxc5 35. Rb7+ Kf6 36. Raxa7 Qe3+ 37. Kg2 Qe2+ 38. Kg1 Qg4+ 39. Kf1 Qxf4+ 40. Ke2 Qxh4 41. Rf7+ Ke5 42. Rxg7 Qh2+ 43. Kd3 Qxb2 44. Rxh7 c5 45. Rhb7 Qd4+ 46. Ke2 c4 47. Rd7 Qb2+ 48. Rd2 Qb5 49. Rda2 c3+ 50. Kf2 Qc5+ 51. Ke2 c2 0-1

[Event "Cheliabinsk Variant Gp-A"]
[Site "Cheliabinsk"]
[Date "2021.03.30"]
[Round "9"]
[White "Yumakhuzhin, Vadim"]
[Black "Petrukhina, Olga"]
[Result "0-1"]
[WhiteElo "2182"]
[BlackElo "2080"]
[PlyCount "230"]
[EventDate "2021.03.23"]
[EventType "swiss"]
[EventRounds "10"]
[EventCountry "RUS"]
[SourceTitle "CBM 202 Extra"]
[Source "ChessBase"]
[SourceDate "2021.07.31"]
[SourceVersion "1"]
[SourceVersionDate "2021.07.31"]
[SourceQuality "1"]

1. e4 e6 2. d4 d5 3. Nc3 Bb4 4. e5 c5 5. a3 Bxc3+ 6. bxc3 Ne7 7. h4 Qa5 8. Bd2 Qa4 9. Qb1 c4 10. h5 h6 11. Ne2 Nbc6 12. g3 Bd7 13. Bh3 0-0-0 14. Nf4 Kb8 15. Ra2 Ka8 16. 0-0 Bc8 17. Kh2 Rdf8 18. Qd1 Kb8 19. Rb2 Ka8 20. Qe2 b6 21. Kg2 Rhg8 22. Ra1 Kb7 23. Qd1 Kb8 24. Qe1 Ka8 25. Raa2 Kb8 26. Bg4 Ka8 27. Qe2 Kb8 28. Ra1 Ka8 29. Re1 Kb8 30. Qd1 Ka8 31. Qc1 Rh8 32. Qa1 Kb7 33. Qa2 Ka8 34. Reb1 Rhg8 35. Rb4 Nxb4 36. cxb4 b5 37. Re1 Bd7 38. c3 Qa6 39. Bc1 Rd8 40. Bd1 Nc8 41. Qe2 Nb6 42. Bc2 Qb7 43. Qg4 Na4 44. Re3 Bc6 45. Bh7 Qe7 46. Bxg8 Rxg8 47. Rf3 Qe8 48. Ne2 Nb6 49. Qf4 Rf8 50. g4 Nc8 51. g5 hxg5 52. Qxg5 Ne7 53. Ng3 Rg8 54. Qf4 Rf8 55. Qg4 Rg8 56. Bg5 Nc8 57. Qf4 f6 58. exf6 gxf6 59. Bxf6 Qxh5 60. Qc7 Qe8 61. Be5 Nb6 62. Rf7 Bd7 63. Rh7 Qc8 64. Qc5 Qc6 65. Qe7 Qc8 66. Bd6 Rh8 67. Rf7 Re8 68. Qf6 Rd8 69. Be7 Re8 70. Bc5 Bc6 71. Bxb6 axb6 72. Qg7 Bb7 73. f4 Rg8 74. Qe5 Rg6 75. Qd6 Rxg3+ 76. Kf2 Rg8 77. Qxb6 Qc6 78. Qa5+ Qa6 79. Qc7 Rc8 80. Qd7 Qc6 81. Qe7 Re8 82. Rf8 Rxf8 83. Qxf8+ Bc8 84. Qe7 Qd7 85. Qf8 Kb7 86. Qc5 Qc6 87. Qe7+ Qc7 88. Qf8 Bd7 89. Kf3 Bc6 90. Qg8 Qe7 91. Kg3 Be8 92. Kf3 Bh5+ 93. Kg3 Qf7 94. Qd8 Qg6+ 95. Kf2 Qe8 96. Qd6 Bg4 97. Kg3 Bf5 98. Kf2 Qc6 99. Qf8 Qc7 100. Kg3 Qh7 101. Qd6 Qh3+ 102. Kf2 Qh2+ 103. Kf3 Qh3+ 104. Kf2 Qh4+ 105. Kf3 Be4+ 106. Ke3 Qg3+ 107. Kd2 Qf2+ 108. Kd1 Qc2+ 109. Ke1 Qxc3+ 110. Kf1 Qf3+ 111. Ke1 Qg3+ 112. Ke2 Bd3+ 113. Kd1 Qg1+ 114. Kd2 Qf2+ 115. Kd1 Qe2+ 0-1

[Event "Cheliabinsk Variant Gp-A"]
[Site "Cheliabinsk"]
[Date "2021.03.27"]
[Round "5"]
[White "Yumakhuzhin, Vadim"]
[Black "Maltsevskaya, Aleksandra"]
[Result "1/2-1/2"]
[WhiteElo "2182"]
[BlackElo "2327"]
[PlyCount "116"]
[EventDate "2021.03.23"]
[EventType "swiss"]
[EventRounds "10"]
[EventCountry "RUS"]
[SourceTitle "CBM 202 Extra"]
[Source "ChessBase"]
[SourceDate "2021.07.31"]
[SourceVersion "1"]
[SourceVersionDate "2021.07.31"]
[SourceQuality "1"]

1. e4 c5 2. Nf3 e6 3. d4 cxd4 4. Nxd4 Nc6 5. Nc3 a6 6. Be2 Nf6 7. 0-0 d6 8. Be3 Be7 9. f4 0-0 10. Qe1 Nxd4 11. Bxd4 b5 12. a3 Bb7 13. Qg3 g6 14. Bd3 a5 15. Rae1 b4 16. axb4 axb4 17. Nd1 Nd7 18. f5 e5 19. fxg6 Bh4 20. Qh3 exd4 21. gxf7+ Rxf7 22. Rxf7 Kxf7 23. Rf1+ Kg7 24. Qg4+ Bg5 25. h4 Ne5 26. Qxg5+ Qxg5 27. hxg5 Ra2 28. Rf2 Nxd3 29. cxd3 Ra1 30. Rd2 Bc8 31. Kh2 b3 32. Kg3 Rc1 33. Kf4 Rc2 34. Rf2 Rc1 35. Rf1 Ba6 36. Ne3 Rxf1+ 37. Nxf1 Bxd3 38. Ng3 Kf7 39. Nf5 d5 40. Nxd4 Bxe4 41. Nxb3 Bxg2 42. Nd4 Kg6 43. b4 Bf1 44. Nf5 Bb5 45. Ne7+ Kg7 46. Ke5 h6 47. Nf5+ Kg6 48. gxh6 Bd3 49. Ne3 Kxh6 50. Kxd5 Bb5 51. Kc5 Ba6 52. Nf5+ Kh7 53. Nd6 Kh6 54. Nb5 Kh7 55. Kb6 Bc8 56. Nd4 Bd7 57. Nc6 Bh3 58. Ne5 Bf1 1/2-1/2

[Event "Cheliabinsk Lozovatsky Memorial-A"]
[Site "Cheliabinsk"]
[Date "2021.01.22"]
[Round "9"]
[White "Mukhina, Jana"]
[Black "Yumakhuzhin, Vadim"]
[Result "1-0"]
[WhiteElo "2038"]
[BlackElo "2234"]
[PlyCount "81"]
[EventDate "2021.01.15"]
[EventType "swiss"]
[EventRounds "10"]
[EventCountry "RUS"]
[SourceTitle "CBM 200 Extra"]
[Source "ChessBase"]
[SourceDate "2021.03.31"]
[SourceVersion "1"]
[SourceVersionDate "2021.03.31"]
[SourceQuality "1"]

1. e4 e5 2. Nf3 Nc6 3. Bb5 Nf6 4. 0-0 Nxe4 5. Qe2 Nd6 6. Bxc6 dxc6 7. Qxe5+ Qe7 8. Qf4 g5 9. Qxg5 Qxg5 10. Nxg5 Rg8 11. Re1+ Be7 12. d3 Nf5 13. Ne4 Be6 14. Be3 0-0-0 15. Nbd2 Bd5 16. Nf3 Rg7 17. Kh1 Rdg8 18. g3 Nxe3 19. Rxe3 f5 20. Nc3 f4 21. gxf4 Bd6 22. Nxd5 cxd5 23. Rg1 Bxf4 24. Rxg7 Rxg7 25. Re2 Kd7 26. d4 Kd6 27. Ne1 Rg4 28. f3 Rg7 29. Nd3 Rf7 30. Nc5 Kc6 31. Re6+ Bd6 32. Kg2 Rf4 33. c3 Rh4 34. h3 Rh5 35. f4 Rh4 36. Nd3 Kd7 37. Rf6 Ke7 38. Rf5 Ke6 39. Rg5 Bxf4 40. Rh5 Rxh5 41. Nxf4+ 1-0

[Event "Cheliabinsk Lozovatsky Memorial-A"]
[Site "Cheliabinsk"]
[Date "2021.01.19"]
[Round "6"]
[White "Shnayder, Violetta"]
[Black "Yumakhuzhin, Vadim"]
[Result "1/2-1/2"]
[WhiteElo "1915"]
[BlackElo "2234"]
[PlyCount "107"]
[EventDate "2021.01.15"]
[EventType "swiss"]
[EventRounds "10"]
[EventCountry "RUS"]
[SourceTitle "CBM 200 Extra"]
[Source "ChessBase"]
[SourceDate "2021.03.31"]
[SourceVersion "1"]
[SourceVersionDate "2021.03.31"]
[SourceQuality "1"]

1. Nf3 d5 2. g3 c6 3. Bg2 Bg4 4. h3 Bh5 5. 0-0 Nd7 6. d3 e5 7. e4 dxe4 8. dxe4 Ngf6 9. Qe2 Qc7 10. b3 Bc5 11. Bb2 0-0 12. Nbd2 Rfe8 13. g4 Bg6 14. Nh4 Nf8 15. Qc4 N6d7 16. b4 Be7 17. Nf5 Bf6 18. Nf3 Ne6 19. Rfd1 Nb6 20. Qb3 c5 21. c3 Be7 22. a4 Bf8 23. a5 Nd7 24. Rd2 Nf6 25. N3h4 Nf4 26. Nxg6 hxg6 27. Ng3 Rad8 28. Rad1 Nh7 29. Kh2 Ng5 30. h4 Nge6 31. Ne2 c4 32. Qc2 b6 33. Nxf4 Nxf4 34. axb6 axb6 35. Rxd8 Rxd8 36. Bc1 Qe7 37. g5 Nd3 38. Be3 b5 39. Qe2 Rd6 40. Ra1 Nf4 41. Qg4 Ne6 42. Bh3 Rd3 43. Ra7 Qd6 44. h5 Rxe3 45. fxe3 Qd2+ 46. Bg2 Qxe3 47. Rb7 gxh5 48. Qxh5 Qf4+ 49. Kg1 Nxg5 50. Rxb5 g6 51. Qd1 Qe3+ 52. Kh2 Qf4+ 53. Kg1 Qg3 54. Kh1 1/2-1/2

[Event "Cheliabinsk December Evenings-B"]
[Site "Cheliabinsk"]
[Date "2019.12.21"]
[Round "8"]
[White "Yumakhuzhin, Vadim"]
[Black "Mischuk, Dmitry"]
[Result "0-1"]
[WhiteElo "2157"]
[BlackElo "2371"]
[PlyCount "124"]
[EventDate "2019.12.14"]
[EventType "tourn"]
[EventRounds "9"]
[EventCountry "RUS"]
[EventCategory "3"]
[SourceTitle "CBM 194 Extra"]
[Source "ChessBase"]
[SourceDate "2020.03.31"]
[SourceVersion "1"]
[SourceVersionDate "2020.03.31"]
[SourceQuality "1"]

1. e4 e6 2. d4 d5 3. Nc3 Bb4 4. e5 c5 5. a3 Bxc3+ 6. bxc3 Nc6 7. Nf3 Nge7 8. a4 Qa5 9. Bd2 c4 10. Nh4 Bd7 11. f4 0-0-0 12. Be2 f6 13. 0-0 fxe5 14. fxe5 Rdg8 15. g3 Rf8 16. Bg4 h6 17. Bh5 Rxf1+ 18. Kxf1 g5 19. Ng6 Nxg6 20. Bxg6 Ne7 21. Bh5 Nf5 22. Kg2 Rf8 23. Qc1 Be8 24. Qa3 Rg8 25. Bxe8 Rxe8 26. Rf1 g4 27. Rf4 h5 28. Qb4 Qxb4 29. cxb4 c3 30. Bxc3 Kd7 31. Bd2 Rc8 32. c3 a5 33. bxa5 Rc4 34. Kf2 Rxa4 35. Ke2 Kc6 36. Rf1 Rxa5 37. Kd3 Ra2 38. Rc1 b5 39. Rc2 Ra3 40. Bc1 Ra1 41. Kd2 Kb6 42. Rb2 h4 43. gxh4 Nxh4 44. Kd1 Nf5 45. Kc2 Ra8 46. Kd3 Rh8 47. Rg2 Rh3+ 48. Kc2 b4 49. cxb4 Nxd4+ 50. Kb1 Nc6 51. Rxg4 Nxe5 52. Rg2 Nc6 53. Bf4 Kb5 54. Rg6 e5 55. Bg3 e4 56. Kc1 Nxb4 57. Kd2 Kc4 58. Ke3 Rh8 59. h4 Re8 60. h5 d4+ 61. Kf4 d3 62. Rd6 Nd5+ 0-1

[Event "Cheliabinsk December Evenings"]
[Site "Cheliabinsk"]
[Date "2018.12.14"]
[Round "7"]
[White "Kazantsev, Nikita"]
[Black "Yumakhuzhin, Vadim"]
[Result "1-0"]
[WhiteElo "2177"]
[BlackElo "2228"]
[PlyCount "133"]
[EventDate "2018.12.08"]
[EventType "tourn"]
[EventRounds "9"]
[EventCountry "RUS"]
[EventCategory "3"]
[SourceTitle "CBM 187 Extra"]
[Source "ChessBase"]
[SourceDate "2018.11.04"]
[SourceVersion "1"]
[SourceVersionDate "2018.11.04"]
[SourceQuality "1"]

1. e4 c5 2. Nf3 d6 3. d4 cxd4 4. Nxd4 Nf6 5. Nc3 a6 6. Be3 e5 7. Nb3 Be6 8. f3 Be7 9. Qd2 0-0 10. 0-0-0 Nbd7 11. g4 b5 12. Kb1 b4 13. Nd5 Bxd5 14. exd5 Nb6 15. Na5 Nfxd5 16. Nc4 Nxe3 17. Qxe3 Na4 18. f4 exf4 19. Qxf4 Qc7 20. Bd3 Nc5 21. Ne3 Nxd3 22. Rxd3 Rfc8 23. Rc1 Bf8 24. Nd5 Qd8 25. Rf1 Ra7 26. g5 f6 27. gxf6 Rf7 28. Qg4 Rc5 29. Rg1 g6 30. Qe4 a5 31. Rdg3 Rxd5 32. Qxd5 Qxf6 33. Re1 h6 34. Qxa5 d5 35. Qxd5 Kh7 36. Qb3 Qf2 37. Rge3 Bc5 38. R3e2 Qf4 39. Qg3 Qf6 40. Qe5 Qb6 41. Qe6 Qc7 42. h4 h5 43. Rg2 Rg7 44. Qe4 Be7 45. Rf1 Qd6 46. Qf4 Qd5 47. Rd2 Qe6 48. Rdd1 Qh3 49. Rh1 Qe6 50. Rde1 Qd5 51. Qe4 Qd6 52. Rd1 Qf6 53. Rh3 Rf7 54. c3 bxc3 55. Rxc3 Qf2 56. Rc2 Qf6 57. Rc6 Qg7 58. a4 Bf6 59. Rb6 Re7 60. Qd5 Bxh4 61. a5 Re5 62. Rb7 Be7 63. Qd7 g5 64. a6 Re3 65. Qf5+ Qg6 66. Qxg6+ Kxg6 67. a7 1-0

[Event "Cheliabinsk Kibizov Memorial-B"]
[Site "Cheliabinsk"]
[Date "2018.06.27"]
[Round "7"]
[White "Yumakhuzhin, Vadim"]
[Black "Nugumanov, Bakhtiyar"]
[Result "1-0"]
[WhiteElo "2221"]
[BlackElo "2413"]
[PlyCount "75"]
[EventDate "2018.06.21"]
[EventType "tourn"]
[EventRounds "9"]
[EventCountry "RUS"]
[EventCategory "4"]
[SourceTitle "CBM 185 Extra"]
[Source "ChessBase"]
[SourceDate "2018.07.29"]
[SourceVersion "1"]
[SourceVersionDate "2018.07.29"]
[SourceQuality "1"]

1. e4 c6 2. d4 d5 3. e5 c5 4. dxc5 e6 5. Be3 Ne7 6. c3 Nf5 7. Bd4 Nc6 8. Nf3 Be7 9. a3 a5 10. Bb5 Bd7 11. a4 0-0 12. 0-0 Nfxd4 13. cxd4 b6 14. cxb6 Qxb6 15. Qe2 Rfb8 16. Rd1 Bc8 17. Nc3 Na7 18. Bd3 Qxb2 19. Qe3 Qb6 20. Ne2 Qd8 21. Qf4 Bd7 22. Ng3 Nc6 23. h4 Rb2 24. Nh5 Qf8 25. Nf6+ gxf6 26. exf6 Bxf6 27. Qxf6 Qg7 28. Qf4 f6 29. Bb5 Rb3 30. Rac1 Rc8 31. Qd6 Rxf3 32. Bxc6 Rxc6 33. Rxc6 Bxc6 34. Qxe6+ Kf8 35. Qxc6 Qg4 36. Re1 Rf4 37. Qe8+ Kg7 38. Re7+ 1-0

[Event "Cheliabinsk Kibizov Memorial-B"]
[Site "Cheliabinsk"]
[Date "2018.06.26"]
[Round "6"]
[White "Tologontegin, Semetey"]
[Black "Yumakhuzhin, Vadim"]
[Result "0-1"]
[WhiteElo "2398"]
[BlackElo "2221"]
[PlyCount "112"]
[EventDate "2018.06.21"]
[EventType "tourn"]
[EventRounds "9"]
[EventCountry "RUS"]
[EventCategory "4"]
[SourceTitle "CBM 185 Extra"]
[Source "ChessBase"]
[SourceDate "2018.07.29"]
[SourceVersion "1"]
[SourceVersionDate "2018.07.29"]
[SourceQuality "1"]

1. d4 Nf6 2. c4 g6 3. Nc3 Bg7 4. e4 d6 5. h3 0-0 6. Be3 e5 7. d5 a5 8. g4 Na6 9. Nge2 c6 10. Ng3 cxd5 11. cxd5 Bd7 12. g5 Ne8 13. h4 f5 14. gxf6 Nxf6 15. f3 h5 16. Qd2 Kh7 17. 0-0-0 a4 18. Kb1 Qe8 19. Rc1 b5 20. Be2 Qb8 21. Rhg1 Rc8 22. Bd1 a3 23. b3 b4 24. Nce2 Rxc1+ 25. Nxc1 Qc8 26. Be2 Nc7 27. Bc4 Rb8 28. Nd3 Bb5 29. Rc1 Qh3 30. Qf2 Rf8 31. Qg1 Kh8 32. Nf2 Qd7 33. Ne2 Ncxd5 34. exd5 Qf5+ 35. Rc2 Bxc4 36. bxc4 b3 37. axb3 a2+ 38. Kb2 Ra8 39. Rc1 Qxf3 40. Nc3 Qxe3 41. Nfe4 Qf4 42. Nxf6 a1Q+ 43. Rxa1 Qd2+ 44. Kb1 Rxa1+ 45. Kxa1 Qxc3+ 46. Ka2 Qc2+ 47. Ka3 Bxf6 48. Qb6 Qf5 49. Qxd6 e4 50. Qf8+ Kh7 51. Qf7+ Bg7 52. Qe7 Qe5 53. Qxe5 Bxe5 54. c5 e3 55. d6 e2 56. d7 Bc7 0-1

[Event "Cheliabinsk Kibizov Memorial-B"]
[Site "Cheliabinsk"]
[Date "2018.06.24"]
[Round "4"]
[White "Matsenko, Andrei"]
[Black "Yumakhuzhin, Vadim"]
[Result "1/2-1/2"]
[WhiteElo "2299"]
[BlackElo "2221"]
[PlyCount "49"]
[EventDate "2018.06.21"]
[EventType "tourn"]
[EventRounds "9"]
[EventCountry "RUS"]
[EventCategory "4"]
[SourceTitle "CBM 185 Extra"]
[Source "ChessBase"]
[SourceDate "2018.07.29"]
[SourceVersion "1"]
[SourceVersionDate "2018.07.29"]
[SourceQuality "1"]

1. d4 Nf6 2. c4 g6 3. Nc3 Bg7 4. e4 d6 5. Be2 0-0 6. Nf3 e5 7. Be3 Ng4 8. Bg5 f6 9. Bc1 Nc6 10. d5 Ne7 11. h3 Nh6 12. h4 Nf7 13. h5 f5 14. hxg6 hxg6 15. Bg5 f4 16. Qd3 Bg4 17. Bxe7 Qxe7 18. 0-0-0 Bd7 19. g4 a6 20. g5 Nxg5 21. Nxg5 Qxg5 22. Rdg1 Qf6 23. Bg4 Bxg4 24. Rxg4 Kf7 25. Rhg1 1/2-1/2

[Event "Cheliabinsk Kibizov Memorial-B"]
[Site "Cheliabinsk"]
[Date "2018.06.23"]
[Round "3"]
[White "Yumakhuzhin, Vadim"]
[Black "Vaseptsov, Maxim"]
[Result "0-1"]
[WhiteElo "2221"]
[BlackElo "2256"]
[PlyCount "52"]
[EventDate "2018.06.21"]
[EventType "tourn"]
[EventRounds "9"]
[EventCountry "RUS"]
[EventCategory "4"]
[SourceTitle "CBM 185 Extra"]
[Source "ChessBase"]
[SourceDate "2018.07.29"]
[SourceVersion "1"]
[SourceVersionDate "2018.07.29"]
[SourceQuality "1"]

1. e4 e5 2. Nf3 Nc6 3. Bb5 a6 4. Ba4 g6 5. d4 exd4 6. Bg5 f6 7. Bh4 Bg7 8. Nxd4 Nge7 9. Nc3 0-0 10. 0-0 Kh8 11. Nde2 b5 12. Bb3 Na5 13. f4 Bb7 14. Bd5 Nxd5 15. Nxd5 Nc4 16. f5 gxf5 17. Rf3 fxe4 18. Rg3 c6 19. Ndf4 Qe8 20. b3 Ne5 21. Nd4 f5 22. Nh5 Nf3+ 23. Nxf3 Qxh5 24. Qxd7 Bxa1 25. Rh3 Qf7 26. Bf6+ Bxf6 0-1

[Event "Cheliabinsk Kibizov Memorial-B"]
[Site "Cheliabinsk"]
[Date "2018.06.21"]
[Round "1"]
[White "Frolov, Artiom"]
[Black "Yumakhuzhin, Vadim"]
[Result "1-0"]
[WhiteElo "2396"]
[BlackElo "2221"]
[PlyCount "117"]
[EventDate "2018.06.21"]
[EventType "tourn"]
[EventRounds "9"]
[EventCountry "RUS"]
[EventCategory "4"]
[SourceTitle "EXT 2019"]
[Source "ChessBase"]
[SourceDate "2018.10.10"]
[SourceVersion "1"]
[SourceVersionDate "2018.10.10"]
[SourceQuality "1"]

1. d4 Nf6 2. Bg5 Ne4 3. Bh4 g5 4. f3 gxh4 5. fxe4 c5 6. e3 Bh6 7. Kf2 Qb6 8. Nc3 cxd4 9. Qxd4 0-0 10. Qxb6 axb6 11. Nd5 Nc6 12. Nf3 Ra4 13. Bd3 d6 14. Nxb6 Ra5 15. Nxc8 Rxc8 16. Nxh4 e6 17. c3 Ne5 18. Ke2 Ng4 19. Nf3 Nxe3 20. Rhe1 Kf8 21. Kf2 Nc4 22. Bxc4 Rxc4 23. a3 Ke7 24. Rad1 Rb5 25. Re2 Bf4 26. Rd4 Rxd4 27. Nxd4 Rb6 28. Rc2 Ra6 29. Nf3 Kf6 30. Ke2 Ra5 31. c4 Ke7 32. Kd3 Kf6 33. g3 Be5 34. Rf2 Ke7 35. Nxe5 dxe5 36. Kc3 f6 37. g4 Kf7 38. Rf3 Kg6 39. Rd3 Ra6 40. Rd7 Rb6 41. c5 Rc6 42. b4 b5 43. Rb7 Kg5 44. Rb6 Rc7 45. Rxe6 Ra7 46. Kb3 Rf7 47. c6 Ra7 48. Rd6 Kxg4 49. Rd7 Ra6 50. c7 Rc6 51. a4 bxa4+ 52. Kxa4 Kf4 53. b5 Rc1 54. b6 Kxe4 55. b7 Ra1+ 56. Kb5 Rb1+ 57. Kc6 Rc1+ 58. Kd6 Rd1+ 59. Ke6 1-0

[Event "Cheliabinsk Kurnosov Memorial rapid"]
[Site "Cheliabinsk"]
[Date "2017.09.09"]
[Round "9"]
[White "Iljiushenok, Ilia"]
[Black "Yumakhuzhin, Vadim"]
[Result "1-0"]
[WhiteElo "2519"]
[BlackElo "2116"]
[PlyCount "59"]
[EventDate "2017.09.08"]
[EventType "swiss (rapid)"]
[EventRounds "11"]
[EventCountry "RUS"]
[SourceTitle "CBM 180 Extra"]
[Source "ChessBase"]
[SourceDate "2017.10.06"]
[SourceVersion "1"]
[SourceVersionDate "2017.10.06"]
[SourceQuality "1"]

1. e4 c5 2. Nc3 Nc6 3. Bb5 g6 4. Bxc6 bxc6 5. d3 Bg7 6. f4 Rb8 7. Nf3 Nf6 8. 0-0 0-0 9. h3 d5 10. e5 Ne8 11. b3 Nc7 12. Na4 Na6 13. Ba3 Rb5 14. c4 Ra5 15. Qe2 f6 16. Rad1 fxe5 17. Nxe5 Qc7 18. Rc1 Rd8 19. Qe3 d4 20. Qf3 Rf8 21. Rce1 Qd6 22. Nxc6 Rxa4 23. Nxe7+ Qxe7 24. Rxe7 Rxa3 25. Qd5+ Kh8 26. Rfe1 Bf5 27. Re8 h5 28. Rxf8+ Bxf8 29. Re8 Kg7 30. Qb7+ 1-0

[Event "Cheliabinsk Kurnosov Memorial rapid"]
[Site "Cheliabinsk"]
[Date "2017.09.09"]
[Round "5"]
[White "Ponkratov, Pavel"]
[Black "Yumakhuzhin, Vadim"]
[Result "1-0"]
[WhiteElo "2591"]
[BlackElo "2116"]
[PlyCount "61"]
[EventDate "2017.09.08"]
[EventType "swiss (rapid)"]
[EventRounds "11"]
[EventCountry "RUS"]
[SourceTitle "CBM 180 Extra"]
[Source "ChessBase"]
[SourceDate "2017.10.06"]
[SourceVersion "1"]
[SourceVersionDate "2017.10.06"]
[SourceQuality "1"]

1. d4 Nf6 2. c4 g6 3. Nc3 Bg7 4. e4 d6 5. h3 0-0 6. Bd3 e5 7. d5 a5 8. Nge2 Na6 9. g4 Bd7 10. Ng3 c6 11. Be3 cxd5 12. cxd5 a4 13. a3 Qa5 14. Kf1 Nc5 15. Bc2 Rfc8 16. Kg2 b5 17. Na2 Ne8 18. h4 Na6 19. g5 Nc5 20. h5 Qd8 21. hxg6 hxg6 22. Nb4 Nc7 23. Rh4 N7a6 24. Na2 Rab8 25. Bd2 Nc7 26. Qh1 Na8 27. Rh7 Nb3 28. Bxb3 axb3 29. Rxg7+ Kxg7 30. Qh6+ Kg8 31. Rh1 1-0

[Event "RUS-chT Clubs U18"]
[Site "Rybinsk"]
[Date "2008.08.05"]
[Round "4"]
[White "Lozbenev, Pavel"]
[Black "Yumakhuzhin, Vadim"]
[Result "0-1"]
[WhiteElo "2073"]
[BlackElo "2084"]
[PlyCount "66"]
[EventDate "2008.08.02"]
[EventType "team"]
[EventRounds "9"]
[EventCountry "RUS"]
[SourceTitle "CBM 125 Extra"]
[Source "ChessBase"]
[SourceDate "2008.09.01"]
[SourceVersion "1"]
[SourceVersionDate "2008.09.01"]
[SourceQuality "1"]

1. d4 Nf6 2. c4 g6 3. Nc3 Bg7 4. e4 d6 5. Nf3 0-0 6. Be2 e5 7. d5 a5 8. 0-0 Na6 9. Qc2 Qe8 10. a3 Bd7 11. b3 h6 12. Rb1 Nh5 13. g3 f5 14. Nh4 f4 15. g4 f3 16. Bxf3 Nf4 17. Bxf4 Rxf4 18. Ne2 Rf8 19. h3 Qd8 20. Nf5 gxf5 21. gxf5 Qh4 22. Kh2 Kh8 23. Qc3 Bxf5 24. exf5 e4 25. Qe3 Be5+ 26. Ng3 exf3 27. Qxf3 Nc5 28. Rbe1 Rf6 29. Kg2 Rg8 30. b4 Rxf5 31. Qxf5 Rxg3+ 32. Kh1 Rxh3+ 33. Kg2 Rg3+ 0-1

[Event "RUS-chT Clubs U18"]
[Site "Rybinsk"]
[Date "2008.08.03"]
[Round "2"]
[White "Yumakhuzhin, Vadim"]
[Black "Kopylov, Alexander A"]
[Result "0-1"]
[WhiteElo "2084"]
[BlackElo "2421"]
[PlyCount "142"]
[EventDate "2008.08.02"]
[EventType "team"]
[EventRounds "9"]
[EventCountry "RUS"]
[SourceTitle "CBM 125 Extra"]
[Source "ChessBase"]
[SourceDate "2008.09.01"]
[SourceVersion "1"]
[SourceVersionDate "2008.09.01"]
[SourceQuality "1"]

1. e4 c5 2. Nf3 e6 3. d4 cxd4 4. Nxd4 a6 5. Bd3 Bc5 6. Nb3 Be7 7. 0-0 d6 8. Nc3 Nf6 9. Be3 Nbd7 10. Kh1 b5 11. a3 Bb7 12. f4 Qc7 13. Qe1 Rc8 14. Qg3 g6 15. Rae1 h5 16. Nd4 Nc5 17. Bd2 h4 18. Qh3 Rd8 19. f5 gxf5 20. exf5 e5 21. Nf3 e4 22. Bg5 d5 23. Nd4 Qb6 24. Be2 Ncd7 25. Ne6 Ra8 26. Rd1 Ne5 27. Be3 Qc6 28. Nd4 Qd6 29. Bf4 Rc8 30. g4 Nh7 31. Qe3 Rg8 32. h3 Ng5 33. Bxe5 Qxe5 34. f6 Bd6 35. Rf2 Rg6 36. Nf5 Bc5 37. Qf4 Qxf6 38. Nxd5 Bxd5 39. Rxd5 Bxf2 40. Qxf2 Kf8 41. c3 Nxh3 42. Qe3 Ng5 43. Nxh4 Rh6 44. Qxg5 Rxh4+ 45. Kg2 Qxg5 46. Rxg5 Rd8 47. Re5 Rd2 48. Rxe4 f5 49. Re5 Rxg4+ 50. Kf3 Ra4 51. Rxf5+ Ke7 52. c4 bxc4 53. Rf4 Rxb2 54. Bxc4 Rxa3+ 55. Ke4 Rb6 56. Rf7+ Kd6 57. Kd4 Rc6 58. Rf6+ Kc7 59. Rf7+ Kb6 60. Bd5 Ra4+ 61. Ke5 Ra5 62. Kd4 Rc7 63. Rf6+ Ka7 64. Rd6 Rb5 65. Rd8 Rb8 66. Rd6 Rb4+ 67. Ke5 Re7+ 68. Kf6 Re1 69. Be6 Rf4+ 70. Kg5 Rf2 71. Rd7+ Kb6 0-1

[Event "RUS-chT Clubs U18"]
[Site "Rybinsk"]
[Date "2007.08.04"]
[Round "3.38"]
[White "Yumakhuzhin, Vadim"]
[Black "Kovalev, Vitaly"]
[Result "1-0"]
[WhiteElo "2071"]
[BlackElo "1938"]
[PlyCount "37"]
[EventDate "2007.08.02"]
[EventType "team-swiss"]
[EventRounds "9"]
[EventCountry "RUS"]
[SourceTitle "EXT 2022"]
[Source "ChessBase"]
[SourceDate "2021.10.06"]
[SourceVersion "1"]
[SourceVersionDate "2021.10.06"]
[SourceQuality "1"]

1. e4 c5 2. Nf3 d6 3. d4 cxd4 4. Nxd4 Nf6 5. Nc3 a6 6. Bg5 e6 7. f4 Be7 8. Qf3 Qc7 9. 0-0-0 b5 10. Bxf6 Bxf6 11. Bxb5+ Ke7 12. Ba4 Bb7 13. Rhe1 Nd7 14. Qg3 g6 15. e5 dxe5 16. Nxe6 fxe6 17. Rxd7+ Qxd7 18. Bxd7 Kxd7 19. fxe5 1-0

[Event "RUS-chT Clubs U18"]
[Site "Rybinsk"]
[Date "2007.08.02"]
[Round "1.14"]
[White "Sharafiev, Azat"]
[Black "Yumakhuzhin, Vadim"]
[Result "1-0"]
[WhiteElo "2291"]
[BlackElo "2071"]
[PlyCount "63"]
[EventDate "2007.08.02"]
[EventType "team-swiss"]
[EventRounds "9"]
[EventCountry "RUS"]
[SourceTitle "EXT 2022"]
[Source "ChessBase"]
[SourceDate "2021.10.06"]
[SourceVersion "1"]
[SourceVersionDate "2021.10.06"]
[SourceQuality "1"]

1. e4 c5 2. Nf3 d6 3. d4 cxd4 4. Nxd4 Nf6 5. Nc3 a6 6. Bc4 e6 7. Bb3 b5 8. 0-0 b4 9. Na4 Bd7 10. Re1 Nc6 11. c3 Rb8 12. Nxc6 Bxc6 13. cxb4 Nxe4 14. Qc2 Qd7 15. Rxe4 Bxe4 16. Qxe4 d5 17. Qd3 Bxb4 18. Bf4 Bd6 19. Nc5 Rxb3 20. Qxb3 Bxc5 21. Rc1 Qa7 22. Qc2 Bxf2+ 23. Qxf2 Qxf2+ 24. Kxf2 0-0 25. Rc6 Ra8 26. b4 h6 27. a4 g5 28. Be5 Kh7 29. g4 Kg6 30. Ke3 h5 31. h3 hxg4 32. hxg4 1-0